Normal view
MARC view
- Accesibilidad para personas con discapacidad
Entry Materia
001 - NÚMERO DE CONTROL DEL REGISTRO
- campo de control: 25344
003 - IDENTIFICADOR DE NUMERO DE CONTROL
- campo de control: UPN
005 - FECHA Y HORA DE LA ÚLTIMA TRANSACCIÓN
- campo de control: 20220817124158.0
008 - DATOS DE LONGITUD FIJA
- campo de control de longitud fija: 220817n||acznnbabn | ana |d
035 ## - NÚMERO DE CONTROL DEL SISTEMA
- Número de control del sistema: UPN10000025353
040 ## - FUENTE DE LA CATALOGACIÓN
- Centro catalogador de origen: UPN
- Lengua de catalogación: spa
- Agencia de transcripción: UPN
046 ## - FECHAS CON CODIFICACIÓN ESPECIAL
- Fecha final para contenidos agregados: 2022
150 ## - ENCABEZAMIENTO - TEMÁTICO
- Término de materia o nombre geográfico como elemento inicial: Accesibilidad para personas con discapacidad
450 ## - VÉASE - MATERIA
- Encabezamiento temático: Diseño arquitectónico sin barreras
450 ## - VÉASE - MATERIA
- Encabezamiento temático: Acceso para personas con discapacidad
670 ## - FUENTE EN LA QUE SE LOCALIZARON DATOS
- Cita de la fuente: LC
- Información localizada: Barrier-free design
902 ## - CATALOGADOR
- Catalogador: BDV/260117
